Aventuras y desventuras de Alonsico Quijano y de su amigo invisible Brandabarbarán de Boliche / (Registro nro. 141487)

Detalles MARC
000 -CABECERA
campo de control de longitud fija 00898cam a22002654a 4500
003 - IDENTIFICADOR DEL NÚMERO DE CONTROL
campo de control UPN
005 - FECHA Y HORA DE LA ÚLTIMA TRANSACCIÓN
campo de control 20240803063758.0
008 - ELEMENTOS DE LONGITUD FIJA--INFORMACIÓN GENERAL
campo de control de longitud fija 090217s2004 es a r 000 f spa d
020 ## - NÚMERO INTERNACIONAL NORMALIZADO PARA LIBROS
Número Internacional Estándar del Libro 8466745815
035 ## - NÚMERO DE CONTROL DEL SISTEMA
Número de control de sistema UPN01000169381
040 ## - FUENTE DE LA CATALOGACIÓN
Centro catalogador/agencia de origen UPN
Lengua de catalogación spa
Centro/agencia transcriptor UPN
049 ## - COLECCIÓN
Colección CG
050 #4 - SIGNATURA TOPOGRÁFICA DE LA BIBLIOTECA DEL CONGRESO
Número de clasificación PQ6657 A73
Número de documento/Ítem A94
100 1# - ASIENTO PRINCIPAL--NOMBRE PERSONAL
Nombre de persona García Domínguez, Ramón,
Fechas asociadas al nombre 1943-
9 (RLIN) 31764
245 10 - MENCIÓN DE TÍTULO
Título Aventuras y desventuras de Alonsico Quijano y de su amigo invisible Brandabarbarán de Boliche /
Mención de responsabilidad, etc. Ramón García Domínguez ; ilustraciones Federico Delicado.
250 ## - MENCIÓN DE EDICIÓN
Mención de edición Primera edición
260 ## - PUBLICACIÓN, DISTRIBUCIÓN, ETC.
Lugar de publicación, distribución, etc. Madrid :
Nombre del editor, distribuidor, etc. Anaya,
Fecha de publicación, distribución, etc. 2004.
300 ## - DESCRIPCIÓN FÍSICA
Extensión 150 páginas :
Otras características físicas ilustraciones a color
650 #4 - ASIENTO SECUNDARIO DE MATERIA - TERMINO TEMATICO
Término de materia o nombre geográfico como elemento de entrada Novela española
9 (RLIN) 10814
650 #4 - ASIENTO SECUNDARIO DE MATERIA - TERMINO TEMATICO
Término de materia o nombre geográfico como elemento de entrada Valores
Subdivisión de forma Literatura juvenil
9 (RLIN) 6771
700 1# - ASIENTO SECUNDARIO--NOMBRE DE PERSONAL
Nombre de persona Delicado, Federico,
Fechas asociadas al nombre 1956-
Término indicativo de función/relación ilustrador
9 (RLIN) 45718
905 ## - TIPO DE MATERIAL
Tipo de material Libro
942 ## - ELEMENTOS DE PUNTO DE ACCESO ADICIONAL (KOHA)
Fuente del sistema de clasificación o colocación Library of Congress Classification
Tipo de ítem Koha Libro
Existencias
Estado de retiro Estado de pérdida Fuente del sistema de clasificación o colocación Estado dañado No para préstamo Código de colección Localización permanente Ubicación/localización actual Ubicación en estantería Fecha de adquisición Clasificación Código de barras Fecha visto por última vez Tipo de ítem Koha
    Library of Congress Classification     Colección General Bib. Gregorio Torres Quintero Bib. Gregorio Torres Quintero Planta baja 15/08/2022 PQ6657 A73 A94 AP585 31/12/2020 Libro